000 00234nam a22001097a 4500
999 _c171535
_d171535
082 _a
_b
100 _aBhishu Dharma Rashith
245 _aSootranidath/
_cby Bhishu Dharma Rashith.
260 _a
_b
_c
650 _a
942 _cBK